1175 1050 1285 1275 1721 1904 1189 1714 1083 1269 1009 1902 1702 1892 1727 1597 1950 1178 1100 1264 1638 1906 1595 1895 1008 1215 1913 1044 1766 1615 1564 1394 1859 1747 1025 1781 1180 1491 1305 1454 1550 1332 1786 1078 1314 1043 1904 1391 1010 1723 1149 1700 1190 1105 1577 1809 1229 1591 1518 1566 1361 1710 1048 1028 1238 1094 1254 1719 1986 1940 1384 1690 1889 1628 1950 1239 1804 1576 1049 1911 1355 1677 1800 1054 1219 1348 1742 1216 1319 1037 1038 1579 1224 1694 1760 1562 1610 1725 1633 BCNSPRNW ULIB Ver.6.0+V

เปลี่ยนเป็นภาษาไทย

Change to English
 แสดงรายละเอียดบรรณานุกรม
  กลับหน้าหลัก

Brief Record : Get Marc (ISO 2709) : E-mail record : QR code < ปิดหน้าต่าง
LEADER : 00000nam 2200000uu 4500
001    13399109219
003     ULIB
008    110324s2543||||th 000 0 tha d
020    9748317099
060 04 WA540JT3^bป141ท 2543
245 00 ทิศทางปฏิรูปบริการสุขภาพไทย =^bNational forum for healthcare reform /^cสำนักงานโครงการปฏิรูประบบบริการสาธารณสุขและองค์กรภาคีด้านสุขภาพ
246 31 National forum for health care reform
250    พิมพ์ครั้งที่ 1
260    นนทบุรี :^bสำนักงานโครงการปฏิรูประบบบริการสาธารณสุขและองค์กรภาคีด้านสุขภาพ ,^c2543
300    191 หน้า :^bภาพประกอบ ;^c26 ซม.
500    "รายงานการประชุมวิชาการปฏิรูประบบสุขภาพไทย วันที่ 13-15ธันวาคม 2542 ณ ศูนย์นิทรรศการและการประชุมไบเทค จัดโดย สำนักงานโครงการปฏิรูประบบบริการสาธารณสุขและองค์กรภาคีด้านสุขภาพ"
650  2 Health Services
650  2 Health Care Reform^zThailand
650  7 บริการสุขภาพ
650  7 การปฏิรูประบบบริการสาธารณสุข
710 2ส ำนักงานโครงการปฏิรูประบบบริการสาธารณสุขและองค์กรภาคีด้านสุขภาพ
945    ^p0^l0^i012256
995    ทศพร
999 ^a ใช้งานได้ทุกระบบ
รายการนี้ยังไม่มีแท็ก
คุณยังไม่ได้ล็อกอิน คุณสามารถมีกิจกรรมร่วมกับเว็บไซต์ได้ แต่ต้องล็อกอินก่อน ::
  ล็อกอิน

รายการสื่อสารสนเทศ

ลำดับที่ ประเภท เลขเรียก/บาร์โค้ด สถานที่ สถานะ
- ไม่พบข้อมูล -

รายการใกล้เคียง
    หัวเรื่อง [Health Services]
    หัวเรื่อง [บริการสุขภาพ]
    หัวเรื่อง [การปฏิรูประบบบริการสาธารณสุข]

BibComment


ยังไม่เคยถูกคอมเมนท์

คอมเมนท์ทรัพยากรรายการนี้
  คอมเมนท์: ทิศทางปฏิรูปบริกา..


 Copyright 2026. Bcnsprnw @Library